[Event "Samba Cup 2nd"]
[Site "Skanderborg"]
[Date "2005.10.17"]
[Round "4"]
[White "Carlsen, Magnus"]
[Black "Zhang, Pengxiang"]
[Result "1/2-1/2"]
[WhiteElo "2570"]
[BlackElo "2613"]
[Annotator "Ribli,Z"]
[PlyCount "95"]
[EventDate "2005.10.14"]
[EventType "tourn"]
[EventRounds "9"]
[EventCountry "DEN"]
[EventCategory "16"]
[SourceTitle "CBM 110"]
[Source "ChessBase"]
[SourceDate "2006.01.31"]
[SourceVersion "1"]
[SourceVersionDate "2006.01.31"]
[SourceQuality "1"]

1. e4 c5 2. Nf3 e6 3. d4 cxd4 4. Nxd4 Nc6 5. Nc3 a6 6. Be3 Nf6 7. Bd3 {Die
Alternative 7.Qd2 wäre weniger stark, da mit 7...Bb4 8.f3 d5 Schwarz aktives
Spiel erhält.} Qc7 8. O-O Ne5 9. Nf3 {Das ist eine Nebenvariante, die zu
scharfem taktischem Spiel führt. Die Hauptvariante ist 9.h3. Der chinesische
Großmeister spielte ebenfalls diese Variante mit Weiß vor ein paar Jahren.} Bd6
{Eine selten gespielte Fortsetzung, aber sie erscheint logisch, da Schwarz
eine neue Figur entwickelt.} (9... Nfg4) (9... Neg4 $5 10. Bd2 d6 11. Ne2 Be7
12. c4 O-O 13. Rc1 b6 14. Nc3 Bb7 15. Qe2 Nd7 $11 {1/2-1/2 Carlsen,M-Ivanchuk,
V/Samba Cup (6) 2005/CBM 110 (33)}) 10. Nxe5 Bxe5 11. f4 Bxc3 12. bxc3 Qxc3 {
Schwarz hat einen Bauern mehr, aber Weiß hat das Läuferpaar und
Entwicklungsvorteil.} (12... d6 13. c4 e5 14. Kh1 Ng4 15. Bg1 exf4 16. Rxf4 Ne5
17. Qh5 Be6 18. Bd4 O-O 19. Raf1 f6 {1/2-1/2 Djurhuus,R-Akesson,R/Karlstad
2005/(60)}) 13. e5 {Dieser Zug kommt mit Tempo und scheint mir viel
konsequenter, als die Alternativen.} (13. Qf3 d5 (13... b5 14. e5 (14. Rab1 Bb7
15. a4) 14... Nd5 15. f5 Qxe5 16. fxe6 Qxe3+ 17. Qxe3 Nxe3 18. exf7+ Kf8 19.
Rfe1 $13) 14. e5 (14. exd5 Nxd5 15. f5) 14... Ne4 15. Bxe4 dxe4 16. Qxe4 Bd7
17. Qd4 (17. Rad1 Bc6 18. Qd4 Qxd4 (18... Qxc2 19. Rd2 $44) 19. Bxd4) 17...
Qxd4 18. Bxd4 O-O 19. Rab1 Bb5 20. Rf2 Rac8 21. c3 Rc4 {0-1 Gruskovnjak,
T-Farago,I/TCh-SLO, Celje SLO 2003 (74)}) (13. Rb1 Nxe4 14. Rb3 Qc6 15. Rb6 Qc3
16. Rb3 Qc6 17. Rb6 Qc3 18. Rb3 {1/2-1/2 Cernousek,L-Gara,A/Budapest 2004/(18)}
) 13... Nd5 14. Bd2 Qd4+ {Die schwarze Dame steht aktiver auf d4, als auf c5;
z.B. im Falle vom später folgendem f4-f5 wird der e5P kontrolliert.} (14...
Qc5+ 15. Kh1 b5 16. f5 Bb7 17. Qh5 (17. fxe6 dxe6 18. Qg4 h5 19. Qxg7 O-O-O 20.
Qxf7 Rhg8 21. Rf2 Nc7 22. Raf1 h4 23. h3 Rg3 24. Kh2 Rdg8 25. Rg1 Qd5 $44 {
0-1 Jansa,V-Kveinys,A/Prague 1993/CBM 37 (44)}) (17. a4 b4 18. Qg4 g6 19. fxg6
hxg6 20. Rxf7 Ne3 (20... Kxf7 21. Qxg6+ $18) 21. Bxe3 Qxe5 22. Bg1 Qxa1 23.
Bxg6 O-O-O (23... Kd8 24. Qxb4 Bc6 25. a5 $36 (25. Be4 Rxh2+ 26. Kxh2 Qe5+ 27.
Kh1 Qh5+ 28. Bh2 Qd1+ $11 (28... Qxf7 29. Bxc6 Qf1+ 30. Bg1 dxc6 31. Qd6+ Kc8
32. Qxc6+ Kb8 33. Qb6+ Kc8 34. Qxe6+ Kb8 35. Qe8+ Kb7 36. Qd7+ Kb8 37. c4 $18))
) 24. Qc4+ Kb8 25. Qf4+ Kc8 $11) 17... O-O-O 18. Qe2 exf5 19. c4 bxc4 20. Bxc4
Nc7 21. Rfc1 Qa3 22. Rab1 Bc6 23. Bb4 Qa4 24. Bd6 f4 25. Qf2 Nb5 26. Bxb5 axb5
27. Qb6 {1-0 Andrzejewska,E-Blimke,D/Brzeg Dolny 2001/(27)}) 15. Kh1 b5 {
Mit diesem Zug sichert Schwarz die Springerstellung auf d5; c2-c4 kommt
aufgrund des Läuferverlustes nicht in Betracht. Nun plant Schwarz, seinen
Läufer auf b7 zu positionieren.} 16. f5 exf5 (16... Bb7 17. Qh5 $1 $36 (17.
fxe6 dxe6 18. Qh5 g6 19. Qf3 O-O 20. Bh6 Qxe5 $13)) (16... Qxe5 17. a4 $36 (17.
Qg4 $36)) 17. Qf3 g6 (17... O-O 18. Qxf5 g6 19. Qf3 $40) 18. c3 Qc5 19. c4 $1
bxc4 20. Rac1 $44 {[%csl Re8] Weiß hat schon drei Bauern weniger, aber er hat
starkes Figurenspiel, während Schwarz Entwicklungsprobleme hat .} Bb7 (20... c3
21. Bxc3 O-O 22. Bd2 $36 {[%cal Rc1c5,Gd2h6]}) 21. Bxc4 Bc6 22. Bb3 Qb5 23. Qg3
(23. Bh6 $5) 23... O-O 24. Rxf5 Rfe8 (24... Ne7 25. Rf6 Bd5 26. Bh6 Rfe8 27.
Rcf1 $40) 25. Rcf1 {[%csl Gf1,Gf5,Gg3,Rg8][%cal Rf1f7][%mdl 128] Weiß verfügt
über einen starken Angriff am Königsflügel.} Re7 26. Bg5 $16 {[%csl Yf6,Gg5,
Yh6] Der schwarzfeldrige Läufer ist der Stolz der weißen Stellung.} Rae8 27. h3
(27. Bxe7 Rxe7 28. R5f2 $16) 27... a5 (27... Rxe5 28. Rxf7 $18) 28. R1f2 (28.
Bxe7 Rxe7 29. Qg5 a4 30. Bxd5 Qxd5 31. R1f2) 28... a4 29. Bxd5 Qxd5 30. Bf6 $2
{Weiß nimmt nicht die Qualität, sondern möchte seinen schwarzfeldrigen Läufer
auf dem Brett halten. Es wäre jedoch besser die Qualität zu nehmen.} (30. Bxe7
Rxe7 31. Kh2 $16) 30... Re6 31. Kh2 (31. Qg5 Qc5) 31... d6 $1 $132 {[%mdl 256]}
32. Qg5 (32. exd6 $2 Qxd6 $17) 32... dxe5 33. Qh6 Rxf6 34. Rxf6 Re7 {Schwarz
hat schon zwei Bauern für die Qualität und seine Stellung ist fest.} 35. h4 $1
{[%cal Gh4h5] Weiß mobilisiert in Form seines h-Bauern seine Reserven.} e4 {
[%csl Ge4][%cal Ge4e3]} 36. h5 Re5 {[%cal Re5h5,Rh5h2,Rh5h6]} 37. g4 {Dieser
Zug schwächt die weiße Königsstellung.} e3 {[%cal Gc6h1]} 38. Rxf7 Qh1+ 39. Kg3
Qg1+ 40. Kh3 (40. Kh4 Qh1+) 40... Qh1+ 41. Rh2 Bg2+ 42. Kg3 Qe1+ 43. Kxg2 Kxf7
44. Qxh7+ Ke6 $11 {Nach forcierten Zügen besitzen beide Seiten Probleme mit
ihrer Königsstellung.} 45. Qxg6+ Ke7 46. Qg7+ Ke6 47. Qg6+ Ke7 48. Qg7+ 1/2-1/2

[Event "Samba Cup 2nd"]
[Site "Skanderborg"]
[Date "2005.10.21"]
[Round "7"]
[White "Bruzon Batista, Lazaro"]
[Black "Carlsen, Magnus"]
[Result "1-0"]
[WhiteElo "2677"]
[BlackElo "2570"]
[Annotator "Postny,E"]
[PlyCount "59"]
[EventDate "2005.10.14"]
[EventType "tourn"]
[EventRounds "9"]
[EventCountry "DEN"]
[EventCategory "16"]
[SourceTitle "CBM 110"]
[Source "ChessBase"]
[SourceDate "2006.01.31"]
[SourceVersion "1"]
[SourceVersionDate "2006.01.31"]
[SourceQuality "1"]

1. e4 c5 2. Nf3 e6 3. d3 {Avoiding the main lines of Paulsen.} Nc6 4. g3 g6 5.
Bg2 Bg7 6. O-O Nge7 7. c3 O-O 8. d4 cxd4 9. cxd4 d5 10. e5 {A "French type"
pawn structure has arised.} f6 (10... Qb6 11. Nc3 Nf5 12. Na4 Qc7 13. Bf4 b5
14. Nc3 Qb6 15. Ne2 f6 16. exf6 Bxf6 17. Be5 Nxe5 18. dxe5 Be7 19. Qd2 Bd7 20.
Kh1 Kg7 21. g4 Nh6 22. h3 Nf7 23. Ned4 $14 {1/2-1/2 Psakhis,L (2610)-Shaked,T 
(2445)/Honolulu 1997/EXT 98 (30)}) (10... Nf5 11. Nc3 f6 12. g4 Nfe7 13. exf6
Rxf6 14. Be3 Rf8 15. Qd2 Bd7 16. h3 Nc8 17. Rfe1 Nd6 18. b3 Qa5 19. Rac1 Rac8
$11 {1-0 Zhang Zhong (2607)-Kobalija,M (2581)/Ubeda 2001/CBM 080 ext (64)}) 11.
Re1 fxe5 ({A highly interesting game was played earlier this year:} 11... Nf5
12. Nc3 Kh8 13. g4 Nh4 14. Nxh4 fxe5 15. Nxg6+ hxg6 16. dxe5 Nxe5 17. Be3 Qf6
18. Bc5 Rf7 19. Re3 Qxf2+ 20. Kh1 Kg8 $2 (20... Qf4 $1) 21. Nxd5 $1 exd5 22.
Qxd5 Bd7 23. Rxe5 Qxb2 24. Rf1 Qxg2+ 25. Kxg2 Bc6 26. Qxc6 bxc6 27. Rxf7 Bxe5
28. Re7 Bf4 29. Rxa7 $16 {1-0 Vescovi,G (2645)-Volokitin,A (2685)/Bermuda BER
2005/The Week in Chess 535 (44)}) 12. dxe5 Rf5 $146 {[%csl Re5] Quite an
awkward move, but Carlsen's idea is rather concrete.} (12... h6 13. h4 Nf5 14.
Nc3 Bd7 15. Bf4 Rc8 (15... Be8 16. Qd2 Rc8 17. Rac1 Rc7 18. Nh2 Rcf7 19. Ng4
Kh7 20. b3 $2 Nxh4 $17 {1-0 Morozevich,A (2718)-McDonald,N (2389)/Birmingham
2002/CBM 084 ext (48)}) 16. Qd2 Kh7 17. Rad1 Qa5 18. Nh2 d4 19. Ng4 h5 20. Nf6+
Bxf6 21. exf6 e5 22. Bg5 Be6 23. Ne4 $16 {1-0 Vescovi,G (2592)-Markowski,T 
(2574)/Bermuda 2003/CBM 094 (59)}) (12... Bd7 13. Nc3 Rc8 14. Bf4 Nf5 15. Qd2
Na5 16. b3 b5 $4 (16... h6) 17. Bg5 Qb6 18. g4 $18 {[%csl Rf5] 1-0 Ljubojevic,
L (2565)-Tatai,S (2430)/Manila 1973/EXT 98 (24)}) 13. Bf4 Qf8 14. Qd2 ({
Bruzon was probably concerned about a possible exchange sacrifice:} 14. Nc3
Rxf4 $5 15. gxf4 Qxf4 $44) 14... g5 15. Nxg5 Ng6 16. Nc3 Nxf4 (16... Ncxe5 $6
17. Bxe5 Nxe5 (17... Rxe5 18. f4 Rxe1+ 19. Rxe1 $16 {[%csl Re6]}) 18. f4 Nc4
19. Qe2 Nxb2 20. Rac1 $1 (20. Qxb2 $2 Qc5+ {[%csl Rc3,Rg1]}) (20. Nxe6 $2 Bxe6
21. Qxe6+ Kh8 22. Nxd5 Nd3 $17 {[%csl Ra1,Re1,Rg1]}) 20... Qc5+ (20... Rxg5 21.
fxg5 Qc5+ 22. Kh1 Bxc3 23. Qxb2 Bxb2 24. Rxc5 $18) 21. Kh1 Bxc3 22. Nxe6 Bxe6
23. Qxe6+ Rf7 24. Bxd5 Raf8 25. Re3 Na4 26. Bb3 $18) 17. gxf4 Rxf4 {It looks
like black is doing great, but the next move frustrates his plans...} {[%tqu
"En","What would you suggest for Black?","","","c3d5","White does not get
anything concrete after this, the idea of the sacrifice is rather positional.",
20]} 18. Nxd5 $3 {[%mdl 512] White does not get anything concrete after this,
the idea of the sacrifice is rather positional.} exd5 19. Qxd5+ Kh8 20. e6 {
[%csl Ya8,Yc8] Black's queenside pieces are out of play now, which gives white
a definite compensation for the sacrificed piece. It's extremely hard to
evaluate this position, but it's clear that psychologically it's much easier
to play this position as white.} Qe7 (20... Bxb2 21. Nf7+ Rxf7 22. exf7 Bxa1
23. Re8 Bg4 24. Qe4 Bh5 25. Rxf8+ Rxf8 26. Qb1 Bg7 27. Qxb7 Ne5 {[%csl Rf7]}
28. Qxa7 Rxf7 $13) 21. Rad1 Nd4 22. Kh1 $1 {Calmly played. White simply moving
his king to a safer square clearly indicating that he is not really concerned
about opponent's extra piece...} (22. Nf7+ Kg8 23. Qd8+ Qxd8 24. Nxd8 {[%csl
Ge6][%cal Ge6e7,Ge7e8]} Kf8 25. e7+ Ke8 26. Nxb7 Bxb7 27. Bxb7 Rb8 28. Rxd4
Rxd4 29. Bc6+ Rd7 $17) 22... Rb8 23. Re5 Nc6 $2 {The decisive mistake.} (23...
Bd7 $3 24. Rxd4 (24. exd7 Bxe5 25. Ne6 Qxe6 26. d8=Q+ Rxd8 27. Qxd8+ Qg8 $19) (
24. Qxd7 Qxd7 25. exd7 Bxe5 26. Re1 h6 27. Rxe5 hxg5 28. Re8+ Rf8 $19) 24...
Bc6 25. Rxf4 $1 Bxd5 26. Nf7+ Kg8 27. Bxd5 Bxe5 28. Nxe5 {[%cal Gf4g4]} h5 29.
Rf3 {[%cal Gf3g3]} Qb4 30. e7+ (30. Nd7 Qb5 {[%cal Gb5f1,Gb5d5]} 31. e7+ Kg7
32. Rg3+ Kh8 33. Nxb8 Qxd5+ 34. Kg1 Qd1+ 35. Kg2 Qd5+ $11) 30... Kg7 31. Rf7+
Kh6 32. Rf6+ Kg7 33. Rf7+ Kh6 $11) 24. Rf5 $18 Bxe6 {Desperation. However, the
alternatives are not better.} (24... Rg4 25. Nf7+ Kg8 26. Nd8 {[%cal Cc6b4,
Cb4d5,Gf5f7,Gd8c6]} Nb4 27. Qb3 $18) (24... Rxf5 25. Qxf5 Bf6 26. Bxc6 bxc6 27.
Rd8+ Qxd8 28. Qxh7#) 25. Nxe6 Rxf5 26. Qxf5 Bxb2 {The position is now
materially equal, but white's attack is irresistible.} 27. Be4 Rg8 28. Rd3 {
[%csl Rh7][%cal Gd3h3]} Ne5 29. Rb3 (29. Rh3 $18) 29... Qh4 30. Rh3 1-0

[Event "Samba Cup 2nd"]
[Site "Skanderborg"]
[Date "2005.10.23"]
[Round "9"]
[White "Carlsen, Magnus"]
[Black "Hansen, Curt"]
[Result "1/2-1/2"]
[WhiteElo "2570"]
[BlackElo "2607"]
[Annotator "Babula,V"]
[PlyCount "91"]
[EventDate "2005.10.14"]
[EventType "tourn"]
[EventRounds "9"]
[EventCountry "DEN"]
[EventCategory "16"]
[SourceTitle "CBM 110"]
[Source "ChessBase"]
[SourceDate "2006.01.31"]
[SourceVersion "1"]
[SourceVersionDate "2006.01.31"]
[SourceQuality "1"]

1. d4 Nf6 2. c4 e6 3. Nf3 d5 4. Nc3 Be7 5. Bg5 O-O 6. e3 Nbd7 7. Qc2 {White
waits with the development of his Bf1 and makes useful move as he would like 
(after possible d5xc4) to capture on c4 in one step .} ({Other, more frequent
option is} 7. Rc1 {with the same idea. By playing the text move White keeps
the chance to put his Ra1 also on the d1 square.}) 7... h6 {Black forces White
to show his intention with his Bg5,} ({possible is also direct} 7... c5) 8. Bh4
{A simple retreat,} ({other options are more interesting:} 8. cxd5 exd5 (8...
hxg5 $6 9. dxe6 fxe6 10. Nxg5 $40 {is very risky}) 9. Bf4) ({or} 8. h4 {
, what leads to sharp play.}) 8... c5 {The insertion of moves h7-h6 Bg5-h4 is
probably more useful for Black, but it is not so significant.} 9. Rd1 Qa5 10.
cxd5 Nxd5 11. Bxe7 Nxe7 12. Be2 Nd5 $5 {[%mdl 8] A new attempt, Black will
exchange his passive N and also change the pawn structure.} ({In the position
with the symmetrical pawn structure White easily keeps an edge due to his
better development, for example} 12... Nf6 13. O-O Bd7 14. Ne5 cxd4 15. Nxd7
Nxd7 16. Rxd4 $14 {1-0 Hansen,C-Jakobsen,O/Norresundby 1984/EXT 2000 (50)}) 13.
O-O Nxc3 14. bxc3 b6 $5 {Black closes his queen on the queenside and believes
that he will get here an effective counterplay and will not need the queen
else-where.} (14... Qc7 {[%cal Yb7b6,Yc8b7] looks more natural.}) 15. Nd2 $5 {
[%csl Ra5][%cal Yd2c4]} (15. e4 {gives no advantage:} cxd4 16. cxd4 Ba6 $11)
15... Ba6 16. Nc4 Bxc4 17. Bxc4 b5 $1 18. Be2 Rfc8 $132 {[%csl Rc3][%cal Yd7b6,
Yb6a4] Black has successfully solved the opening problems, his position is OK
as his counterplay on the queenside is getting real.} 19. d5 $5 exd5 20. Rxd5
Nb6 21. Rf5 {White tries to create threats against Black's monarch as most of
Black's pieces are on the other side.} Rc7 22. Rd1 Na4 23. Bf3 Re8 24. Re5 {
White exploits Black's weak basic rank.} Rf8 25. Rc1 a6 $11 {The position is
balanced and till the end of game neither one player doesn't change it to his
side.} 26. h4 Rd7 {[%cal Ya5d8] <->d} 27. h5 Qd8 28. c4 Rd2 29. Qf5 {[%cal
Yf3e4,Yf5h7]} Qf6 30. cxb5 axb5 (30... Qxf5 31. Rxf5 axb5 32. Bc6 $11) 31. Qe4
b4 32. Re8 Qd6 33. Rxf8+ Qxf8 34. a3 Nc3 35. Qc4 Rb2 36. axb4 cxb4 37. Ra1 Rb1+
38. Rxb1 Nxb1 39. Bd1 Qb8 40. Qd3 Nc3 41. Bb3 Qc7 42. f3 Qe7 43. Kf1 Qh4 44.
Qd7 Qh1+ 45. Kf2 Qh4+ 46. Kf1 1/2-1/2

[Event "FIDE World Cup"]
[Site "Khanty-Mansiysk"]
[Date "2005.11.30"]
[Round "2.1"]
[White "Carlsen, Magnus"]
[Black "Amonatov, Farrukh"]
[Result "1-0"]
[WhiteElo "2570"]
[BlackElo "2572"]
[Annotator "Ftacnik,L"]
[PlyCount "71"]
[EventDate "2005.11.27"]
[EventType "k.o."]
[EventRounds "7"]
[EventCountry "RUS"]
[SourceTitle "CBM 111"]
[Source "ChessBase"]
[SourceDate "2006.04.04"]
[SourceVersion "1"]
[SourceVersionDate "2006.04.04"]
[SourceQuality "1"]

1. e4 c5 2. Nf3 d6 3. d4 cxd4 4. Nxd4 Nf6 5. Nc3 a6 6. Be3 e5 7. Nf3 Qc7 8. a4
b6 9. Nd5 Nxd5 10. Qxd5 Nc6 11. Ng5 Rb8 12. Bc4 {Carlsen is obviously working
on chess in a great depth. In the given position he comes up with a radical
attack against the weakness f7.} (12. c3 Nd8 13. Qd1 h6 14. Nf3 Be7 15. Bd3 Qc6
16. Qe2 b5 17. axb5 axb5 18. Nd2 Ne6 19. Ra5 Bd7 20. O-O O-O {1/2-1/2 Piuva,
M-Valkesalmi,K/Finland 1980/ (54)}) 12... Nd8 13. Qd3 h6 14. Nf3 Ra8 {Amonatov
has played the first independent move, but it doesn't make a healthy
impression. The tragedy for black is a poor coordination of pieces and rather
slow development.} (14... Qb7 15. O-O Be7 16. Ra3 O-O 17. Rb3 Qc6 18. Ra1 Ne6
19. Bxa6 Bxa6 20. Qxa6 Qxc2 21. Rxb6 Rbc8 22. h3 Qxe4 23. Qb7 Qxb7 24. Rxb7 Rc7
25. Rxc7 Nxc7 26. b4 {1-0 Zieher,H-Schubert,C/Germany 1981/GER-chT (43)}) 15.
Nd2 Ne6 (15... Be7 16. Bd5 Bb7 17. a5 b5 18. c4 $16) 16. Bd5 Rb8 (16... Bb7 17.
O-O Bxd5 18. exd5 Nc5 19. Qc4 $16) 17. Qc4 Nc5 $6 {The logical move, that
finally develops the knight to promissing square fails to the immediate
tactical trick. The defender was poorly prepared for the direct contact of the
pieces.} (17... Qxc4 18. Nxc4 Nf4 (18... b5 19. axb5 axb5 20. Ba7 $18) 19. Bxb6
Nxg2+ 20. Kd2 $16) 18. b4 $1 b5 $8 19. axb5 axb5 20. Qc3 Ne6 21. Qxc7 Nxc7 22.
Ba7 Nxd5 (22... Rb7 23. Bc6+ Kd8 24. c3 $18) 23. Bxb8 Nxb4 24. O-O $1 {The
young Norwegian has won an exchange for the pawn. His development advantage
contributes to the rush cracking of the enemy's resistance.} Nc6 (24... Nxc2 $2
25. Rac1 $18) 25. Rfb1 Be7 (25... Nxb8 26. Ra8 Nc6 27. Rxc8+ Kd7 28. Ra8 b4 29.
Nc4 $18) (25... b4 26. Nc4 Kd7 27. Nb6+ Kd8 28. Ba7 Be6 29. Nd5 $18) 26. Rxb5
O-O 27. Nc4 $1 {The tactical tit for tat is the quickest way to realize the
huge advantage.} Be6 (27... Nxb8 28. Rxb8 Be6 29. Rxf8+ Bxf8 30. Ne3 $18) 28.
Bxd6 Bxc4 (28... Bxd6 29. Nxd6 Rd8 30. Nb7 $18) 29. Rc5 Rc8 (29... Bxd6 30.
Rxc6 $18) 30. Rxc4 Bxd6 31. Ra6 $18 Rb8 (31... Ne7 32. Rxc8+ Nxc8 33. Ra8 $18)
32. g3 Nd4 33. Rxd6 Rb1+ 34. Kg2 Rb2 35. c3 Nc2 36. Kf1 1-0